[Event "RUS-chT Blitz (Women)"]
[Site "Sochi"]
[Date "2023.10.17"]
[Round "3.17"]
[White "Bodnaruk, Anastasia"]
[Black "Zakurdjaeva, Irina"]
[Result "1-0"]
[WhiteElo "2340"]
[BlackElo "2175"]
[PlyCount "51"]
[EventDate "2023.10.17"]
[EventType "team-tourn (blitz)"]
[EventRounds "13"]
[EventCountry "RUS"]
[SourceTitle "Mega2024 Update 01"]
[Source "Chessbase"]
[SourceDate "2023.11.12"]
[SourceVersion "1"]
[SourceVersionDate "2023.11.12"]
[SourceQuality "1"]
[WhiteTeam "St Petersburg SSHOR (W)"]
[BlackTeam "Moscow Botvinnik School (W)"]
[WhiteTeamCountry "RUS"]
[BlackTeamCountry "RUS"]

1. e4 e5 2. Nf3 Nc6 3. Bb5 a6 4. Ba4 Nf6 5. 0-0 b5 6. Bb3 Be7 7. Re1 0-0 8. a4 Bb7 9. d3 d6 10. c3 Re8 11. Nbd2 Na5 12. Ba2 g6 13. Nf1 Bf8 14. Ne3 Bg7 15. Nd5 Bxd5 16. exd5 Qd7 17. b4 Nb7 18. Bb3 h6 19. c4 Reb8 20. a5 Nd8 21. c5 dxc5 22. Nxe5 Qd6 23. Bf4 Nxd5 24. Bg3 Qe6 25. Qf3 cxb4 26. Bxd5 1-0

[Event "Moscow Blondes-Brunettes m 12th"]
[Site "Moscow"]
[Date "2023.04.02"]
[Round "9.4"]
[White "Lysenko, Margarita"]
[Black "Zakurdjaeva, Irina"]
[Result "0-1"]
[WhiteElo "2244"]
[BlackElo "2212"]
[PlyCount "132"]
[EventDate "2023.04.02"]
[EventType "schev (blitz)"]
[EventRounds "9"]
[EventCountry "RUS"]
[SourceTitle "CBM 213 Extra"]
[Source "ChessBase"]
[SourceDate "2023.05.31"]
[SourceVersion "1"]
[SourceVersionDate "2023.05.31"]
[SourceQuality "1"]
[WhiteTeam "Brunettes"]
[BlackTeam "Blondes"]
[WhiteTeamCountry "RUS"]
[BlackTeamCountry "RUS"]

1. d4 Nf6 2. c4 e6 3. Nc3 d5 4. cxd5 exd5 5. Bg5 Be7 6. e3 c6 7. Bd3 Nbd7 8. Qc2 0-0 9. Nge2 Re8 10. 0-0 Nf8 11. Rae1 Bg4 12. f3 Bh5 13. e4 dxe4 14. fxe4 Bg6 15. e5 Nd5 16. Bxe7 Rxe7 17. Nxd5 Qxd5 18. Bxg6 hxg6 19. b3 Ne6 20. Rd1 Rd8 21. b4 Red7 22. a3 a5 23. bxa5 Qxa5 24. Qb3 Qa6 25. Rf2 Rd5 26. h3 R8d7 27. Rdf1 Ra5 28. Ra1 Ra4 29. Kh2 Qc4 30. Qf3 Qd5 31. Qc3 Rc4 32. Qg3 Nxd4 33. Nxd4 Rxd4 34. Re1 Rd3 35. Qf4 Rxa3 36. e6 fxe6 37. Re5 Qd6 38. Rfe2 Rf7 39. Qg4 Ra5 40. Qe4 Rxe5 41. Qxe5 Qxe5+ 42. Rxe5 Re7 43. Kg3 Kf7 44. Kf4 Kf6 45. Ra5 Rd7 46. Ke4 Rd5 47. Ra3 b5 48. Ra6 c5 49. Rb6 b4 50. g4 Rd4+ 51. Ke3 Ke5 52. Rb7 Rc4 53. Rxg7 Rc3+ 54. Kd2 Kd4 55. Rxg6 b3 56. Rxe6 Rxh3 57. Rd6+ Kc4 58. Rb6 Rh2+ 59. Ke3 Kc3 60. g5 Rg2 61. g6 c4 62. Kf3 Rg1 63. Kf2 Rg5 64. Kf3 Kc2 65. Kf4 Rg1 66. Kf5 b2 0-1

[Event "Moscow Blondes-Brunettes m 9th"]
[Site "Moscow"]
[Date "2019.03.16"]
[Round "4.3"]
[White "Zakurdjaeva, Irina"]
[Black "Shuvalova, Polina"]
[Result "0-1"]
[WhiteElo "2231"]
[BlackElo "2471"]
[PlyCount "146"]
[EventDate "2019.03.16"]
[EventType "schev (blitz)"]
[EventRounds "8"]
[EventCountry "RUS"]
[SourceTitle "CBM 189 Extra"]
[Source "ChessBase"]
[SourceDate "2019.06.03"]
[SourceVersion "1"]
[SourceVersionDate "2019.06.03"]
[SourceQuality "1"]
[WhiteTeam "Blondes"]
[BlackTeam "Brunettes"]
[WhiteTeamCountry "RUS"]
[BlackTeamCountry "RUS"]

1. e4 c6 2. d4 d5 3. exd5 cxd5 4. Bd3 Nc6 5. Nf3 Bg4 6. c3 e6 7. Bf4 Nf6 8. Qb3 Qc8 9. Nbd2 Be7 10. h3 Bh5 11. 0-0-0 Bg6 12. Bxg6 hxg6 13. Kb1 a6 14. g4 b5 15. Ne5 Nd7 16. Ndf3 Ndxe5 17. Nxe5 Nxe5 18. Bxe5 Bf6 19. Bxf6 gxf6 20. Qb4 Qc7 21. Rde1 Qe7 22. Qa5 Qd6 23. f4 Qxf4 24. Qb6 0-0 25. Rhf1 Qd2 26. Qd6 Kg7 27. Qg3 b4 28. Rd1 Qe2 29. Rde1 Qb5 30. Qf3 bxc3 31. Qxc3 Rab8 32. Rf2 Qb4 33. Qe3 Rfc8 34. Ref1 Rb6 35. a3 Qb3 36. Qxb3 Rxb3 37. Rxf6 Rc7 38. R6f3 Rb6 39. Ka2 Rc4 40. Rf4 Rb7 41. h4 Rc2 42. h5 Rbxb2+ 43. Ka1 Ra2+ 44. Kb1 Rcb2+ 45. Kc1 Rb7 46. hxg6 Kxg6 47. Rf6+ Kg7 48. g5 Rxa3 49. R1f4 Ra1+ 50. Kc2 Ra3 51. Rh4 Rc7+ 52. Kb2 Rg3 53. Rfh6 Rxg5 54. Rh7+ Kf6 55. R7h6+ Ke7 56. Rh8 Rb7+ 57. Kc2 Rc7+ 58. Kd2 Rg2+ 59. Kd3 Rg3+ 60. Kd2 Rb7 61. Ra8 Rb2+ 62. Kc1 Ra2 63. Kb1 Rf2 64. Ra7+ Kf6 65. Rh1 Rg4 66. Rxa6 Rxd4 67. Ra3 Rdf4 68. Rah3 Rf1+ 69. Kc2 Rxh1 70. Rxh1 Ke5 71. Kd3 Ra4 72. Re1+ Re4 73. Rf1 f5 0-1

[Event "Moscow Blondes-Brunettes m 9th"]
[Site "Moscow"]
[Date "2019.03.16"]
[Round "8.7"]
[White "Zakurdjaeva, Irina"]
[Black "Wagner, Dinara"]
[Result "0-1"]
[WhiteElo "2231"]
[BlackElo "2280"]
[PlyCount "68"]
[EventDate "2019.03.16"]
[EventType "schev (blitz)"]
[EventRounds "8"]
[EventCountry "RUS"]
[SourceTitle "CBM 189 Extra"]
[Source "ChessBase"]
[SourceDate "2019.06.03"]
[SourceVersion "1"]
[SourceVersionDate "2019.06.03"]
[SourceQuality "1"]
[WhiteTeam "Blondes"]
[BlackTeam "Brunettes"]
[WhiteTeamCountry "RUS"]
[BlackTeamCountry "RUS"]

1. e4 c5 2. Nf3 d6 3. d4 cxd4 4. Nxd4 Nf6 5. Nc3 a6 6. Be3 e6 7. Be2 Be7 8. 0-0 0-0 9. f4 Nc6 10. Qe1 Qc7 11. Rd1 Nxd4 12. Bxd4 b5 13. e5 dxe5 14. fxe5 Nd7 15. Bd3 Bb7 16. Kh1 Rac8 17. Qg3 g6 18. Ne4 Bxe4 19. Bxe4 Bc5 20. c3 Rfd8 21. Qf4 Rf8 22. Rf3 b4 23. Rh3 f5 24. Bc2 Bxd4 25. Rxd4 Qxe5 26. Qxe5 Nxe5 27. Rxb4 Rfd8 28. Kg1 Rd2 29. Bb3 Rc7 30. Bxe6+ Kg7 31. Re3 Ng4 32. Re1 Re7 33. h3 Rxe6 34. Rxe6 Rd1+ 0-1

[Event "Moscow-ch (Women)"]
[Site "Moscow"]
[Date "2014.03.27"]
[Round "6"]
[White "Bezgodova, Svetlana"]
[Black "Zakurdjaeva, Irina"]
[Result "0-1"]
[WhiteElo "2094"]
[BlackElo "2285"]
[PlyCount "80"]
[EventDate "2014.03.22"]
[EventType "swiss"]
[EventRounds "9"]
[EventCountry "RUS"]
[SourceTitle "CBM 159 Extra"]
[Source "ChessBase"]
[SourceDate "2014.04.24"]
[SourceVersion "1"]
[SourceVersionDate "2014.04.24"]
[SourceQuality "1"]

1. Nf3 d5 2. c3 c5 3. d3 Nc6 4. Nbd2 Nf6 5. e4 e6 6. Be2 Be7 7. 0-0 0-0 8. Re1 b6 9. Bf1 Qc7 10. e5 Ne8 11. d4 cxd4 12. cxd4 Bd7 13. Nb3 a5 14. Be3 Qb7 15. Bd3 Nb4 16. Bb1 a4 17. Nc1 a3 18. b3 Bb5 19. Ng5 Bxg5 20. Bxg5 h6 21. Bd2 Qe7 22. Re3 f5 23. exf6 Qxf6 24. Qe1 Nc6 25. Rxe6 Qxd4 26. Bc3 Qf4 27. Nd3 Qf7 28. Nb4 Nc7 29. Rxc6 Rae8 30. Qd2 Re2 31. Qd4 Rxf2 32. Bh7+ Kxh7 33. h3 Bxc6 34. Nxc6 Rf1+ 35. Rxf1 Qxf1+ 36. Kh2 Qf4+ 37. Qxf4 Rxf4 38. Be5 Rf7 39. Nd4 Re7 40. Bd6 Re4 0-1

[Event "Moscow-ch (Women)"]
[Site "Moscow"]
[Date "2014.03.27"]
[Round "7"]
[White "Zakurdjaeva, Irina"]
[Black "Mirzoeva, Elmira"]
[Result "0-1"]
[WhiteElo "2285"]
[BlackElo "2235"]
[PlyCount "148"]
[EventDate "2014.03.22"]
[EventType "swiss"]
[EventRounds "9"]
[EventCountry "RUS"]
[SourceTitle "CBM 159 Extra"]
[Source "ChessBase"]
[SourceDate "2014.04.24"]
[SourceVersion "1"]
[SourceVersionDate "2014.04.24"]
[SourceQuality "1"]

1. e4 c6 2. Nc3 d5 3. Nf3 Bg4 4. h3 Bxf3 5. Qxf3 e6 6. a3 Nf6 7. d3 d4 8. Nb1 c5 9. g3 Nc6 10. Bg2 e5 11. Qe2 Be7 12. 0-0 0-0 13. f4 Nd7 14. Nd2 b5 15. Nf3 Rc8 16. h4 Rc7 17. Bd2 Bd6 18. Bh3 Nb6 19. b3 Qe7 20. h5 exf4 21. gxf4 c4 22. b4 c3 23. Bc1 Re8 24. Qf2 Qd8 25. Kh1 Be7 26. Rg1 Kh8 27. Qg3 Rg8 28. Qg4 h6 29. Qg3 Rb7 30. e5 Qd5 31. Bf5 Rbb8 32. Be4 Qd7 33. f5 Nd5 34. Qh3 f6 35. e6 Qd6 36. Qg2 Rbd8 37. Qg6 Ne3 38. Bxe3 dxe3 39. Qg2 Ne5 40. Nh4 Qd4 41. Rae1 a5 42. bxa5 Bxa3 43. Rb1 Rb8 44. a6 Bc5 45. Qe2 b4 46. Ng2 Qd6 47. Ra1 Nc6 48. Nxe3 Nd4 49. Qg4 Nb5 50. Nc4 Qc7 51. Rg2 Na3 52. Nxa3 bxa3 53. Bb7 Qb6 54. Qd1 Qb4 55. Rg4 Qa5 56. Qf3 Rbd8 57. Qf4 Rd4 58. Qf3 Rxg4 59. Qxg4 Qb6 60. Qd1 Rd8 61. Qb1 Qd6 62. Qf1 Qd4 63. Be4 Qe5 64. Qg2 Qf4 65. Qh2 Qe3 66. Qg2 Rb8 67. Bb7 Bd6 68. Rg1 Rg8 69. Bd5 Qf4 70. Qh3 Qd4 71. Bc4 Bc5 72. Rg2 Rb8 73. Bb3 Rxb3 74. cxb3 a2 0-1

[Event "Moscow-ch (Women)"]
[Site "Moscow"]
[Date "2014.03.25"]
[Round "4"]
[White "Charochkina, Daria"]
[Black "Zakurdjaeva, Irina"]
[Result "1-0"]
[WhiteElo "2374"]
[BlackElo "2285"]
[PlyCount "71"]
[EventDate "2014.03.22"]
[EventType "swiss"]
[EventRounds "9"]
[EventCountry "RUS"]
[SourceTitle "CBM 159 Extra"]
[Source "ChessBase"]
[SourceDate "2014.04.24"]
[SourceVersion "1"]
[SourceVersionDate "2014.04.24"]
[SourceQuality "1"]

1. d4 d5 2. c4 c6 3. Nc3 Nf6 4. Nf3 dxc4 5. a4 Bf5 6. Nh4 e6 7. Nxf5 exf5 8. e3 Bb4 9. Bxc4 0-0 10. 0-0 Nbd7 11. f3 Nb6 12. Bd3 g6 13. a5 Nbd5 14. Bd2 Nxc3 15. bxc3 Bxa5 16. e4 f4 17. Qb3 Bb6 18. Bxf4 c5 19. Bh6 cxd4 20. Bxf8 dxc3+ 21. Kh1 Qxf8 22. Qxc3 Nh5 23. g3 Rc8 24. Qe1 Ng7 25. Rc1 Rd8 26. Bc4 Qe7 27. Bd5 Ne8 28. Qc3 h5 29. Rfd1 h4 30. Kg2 Ng7 31. Qd2 Kh7 32. Qf4 Rd7 33. Bb3 Rxd1 34. Rxd1 Qa3 35. Qxf7 Qb2+ 36. Kh3 1-0

[Event "Moscow-ch (Women)"]
[Site "Moscow"]
[Date "2014.03.24"]
[Round "3"]
[White "Vasilevich, Irina"]
[Black "Zakurdjaeva, Irina"]
[Result "1/2-1/2"]
[WhiteElo "2350"]
[BlackElo "2285"]
[PlyCount "120"]
[EventDate "2014.03.22"]
[EventType "swiss"]
[EventRounds "9"]
[EventCountry "RUS"]
[SourceTitle "CBM 159 Extra"]
[Source "ChessBase"]
[SourceDate "2014.04.24"]
[SourceVersion "1"]
[SourceVersionDate "2014.04.24"]
[SourceQuality "1"]

1. c4 e6 2. g3 d5 3. Bg2 Nf6 4. Nf3 dxc4 5. Qa4+ Nbd7 6. Qxc4 c5 7. Qc2 b6 8. 0-0 Bb7 9. Nc3 Bd6 10. Rd1 0-0 11. d4 Rc8 12. Bg5 cxd4 13. Rxd4 Bc5 14. Bxf6 gxf6 15. Rh4 f5 16. Rd1 Qe7 17. Qd2 Rfd8 18. Qh6 Nf8 19. Rxd8 Rxd8 20. Ng5 f6 21. Nxh7 Nxh7 22. Qg6+ Qg7 23. Qxg7+ Kxg7 24. Bxb7 Rd2 25. Bc8 Nf8 26. b4 Bd4 27. Nb5 Be5 28. Nxa7 Rxa2 29. Nc6 Rxe2 30. Nxe5 fxe5 31. Rc4 Rb2 32. h4 b5 33. Rc5 Rxb4 34. Rxe5 Kf6 35. Re1 Rb2 36. Kg2 b4 37. g4 fxg4 38. Re4 Kf5 39. Rc4 Ng6 40. Rc5+ Kf4 41. Rc4+ Kf5 42. Rc5+ Ne5 43. h5 Kf4 44. Bxe6 g3 45. Bd5 Rxf2+ 46. Kg1 b3 47. Rb5 b2 48. h6 Rh2 49. Rb4+ Ke3 50. Rb3+ Kd4 51. Bg2 Nd3 52. Bf1 Nc1 53. Rxg3 Rxh6 54. Rg4+ Kc3 55. Rg3+ Kb4 56. Rg4+ Ka3 57. Rg3+ Kb4 58. Rg4+ Kc3 59. Rg3+ Kd4 60. Rg4+ Kc3 1/2-1/2

[Event "EU-ch (Women) 14th"]
[Site "Belgrade"]
[Date "2013.08.01"]
[Round "9"]
[White "Baraeva, Marina"]
[Black "Zakurdjaeva, Irina"]
[Result "1/2-1/2"]
[WhiteElo "2185"]
[BlackElo "2291"]
[PlyCount "107"]
[EventDate "2013.07.23"]
[EventType "swiss"]
[EventRounds "11"]
[EventCountry "SRB"]
[SourceTitle "CBM 155 Extra"]
[Source "ChessBase"]
[SourceDate "2013.08.26"]
[SourceVersion "1"]
[SourceVersionDate "2013.08.26"]
[SourceQuality "1"]

1. d4 Nf6 2. c4 g6 3. Nc3 Bg7 4. e4 d6 5. Be2 Nbd7 6. Nf3 0-0 7. 0-0 e5 8. dxe5 dxe5 9. Qc2 c6 10. b4 a5 11. b5 Qe7 12. Rd1 Nh5 13. bxc6 bxc6 14. Qa4 Qb4 15. Bd2 Nf4 16. Bf1 Nc5 17. Qxc6 Bb7 18. Nd5 Qa3 19. Qc7 Bxd5 20. exd5 Rfc8 21. Qe7 Nh3+ 22. gxh3 Qxf3 23. Bg2 Qf5 24. Qg5 e4 25. Qxf5 gxf5 26. Rac1 Nd3 27. Rc2 Ra6 28. h4 Be5 29. Bh3 Rg6+ 30. Kf1 Bxh2 31. Bxf5 Rf6 32. Kg2 Rxf5 33. Kxh2 Rxf2+ 34. Kg3 f5 35. Rc3 Rf3+ 36. Kh2 Kf7 37. Bg5 Ne5 38. Rxf3 Nxf3+ 39. Kg3 Rxc4 40. Kf4 Rd4 41. Rxd4 Nxd4 42. a4 Ke8 43. Bf6 Nc2 44. Bc3 e3 45. Bxa5 Kd7 46. Kxf5 Kd6 47. Kg5 e2 48. Kh6 Kxd5 49. Kxh7 Kc4 50. Bd2 Kd3 51. Ba5 Kc4 52. Bd2 Kd3 53. Ba5 Kc4 54. Bd2 1/2-1/2

[Event "EU-ch (Women) 14th"]
[Site "Belgrade"]
[Date "2013.07.28"]
[Round "6"]
[White "Zakurdjaeva, Irina"]
[Black "Golubeva, Oksana"]
[Result "1-0"]
[WhiteElo "2291"]
[BlackElo "2149"]
[PlyCount "75"]
[EventDate "2013.07.23"]
[EventType "swiss"]
[EventRounds "11"]
[EventCountry "SRB"]
[SourceTitle "CBM 155 Extra"]
[Source "ChessBase"]
[SourceDate "2013.08.26"]
[SourceVersion "1"]
[SourceVersionDate "2013.08.26"]
[SourceQuality "1"]

1. e4 e6 2. d4 d5 3. Nc3 Bb4 4. e5 c5 5. a3 Bxc3+ 6. bxc3 Ne7 7. Qg4 cxd4 8. Qxg7 Rg8 9. Qxh7 Nbc6 10. f4 Qc7 11. Qd3 dxc3 12. Ne2 Bd7 13. h4 Nf5 14. h5 0-0-0 15. Rb1 d4 16. Rg1 f6 17. exf6 e5 18. g4 e4 19. Qxe4 d3 20. Qxd3 Be6 21. Qxc3 Nh4 22. f5 Ba2 23. Rb2 Bd5 24. Bf4 Qf7 25. Kf2 Nf3 26. Rg3 Ng5 27. Bxg5 Rxg5 28. Nf4 Rgg8 29. Nxd5 Qxd5 30. f7 Rgf8 31. Bg2 Qd6 32. Rd3 Qf4+ 33. Bf3 Rxf7 34. Rxb7 Qh2+ 35. Kf1 Qh3+ 36. Bg2 Rxf5+ 37. gxf5 Qxf5+ 38. Kg1 1-0

[Event "EU-ch (Women) 14th"]
[Site "Belgrade"]
[Date "2013.07.24"]
[Round "2"]
[White "Zakurdjaeva, Irina"]
[Black "Melia, Salome"]
[Result "0-1"]
[WhiteElo "2291"]
[BlackElo "2428"]
[PlyCount "74"]
[EventDate "2013.07.23"]
[EventType "swiss"]
[EventRounds "11"]
[EventCountry "SRB"]
[SourceTitle "CBM 155 Extra"]
[Source "ChessBase"]
[SourceDate "2013.08.26"]
[SourceVersion "1"]
[SourceVersionDate "2013.08.26"]
[SourceQuality "1"]

1. e4 c5 2. Nf3 Nc6 3. d4 cxd4 4. Nxd4 Nf6 5. Nc3 e5 6. Ndb5 d6 7. Bg5 a6 8. Na3 b5 9. Nd5 Be7 10. Bxf6 Bxf6 11. c4 b4 12. Nc2 a5 13. g3 Bg5 14. Bg2 Be6 15. 0-0 0-0 16. Qd3 Bxd5 17. exd5 Nb8 18. a3 Na6 19. axb4 Nxb4 20. Nxb4 axb4 21. Rxa8 Qxa8 22. Qf5 Qd8 23. Ra1 g6 24. Qc2 Qb6 25. Qa4 Rc8 26. h4 Bf6 27. Bh3 Rd8 28. Qc6 Qd4 29. Qc7 e4 30. Ra7 Rf8 31. Be6 e3 32. Bxf7+ Kh8 33. Bxg6 exf2+ 34. Kh2 Qxh4+ 35. Kg2 f1Q+ 36. Kxf1 Bd4+ 37. Bf7 Qf6+ 0-1

[Event "BL 1213 (Women)"]
[Site "Germany"]
[Date "2013.01.20"]
[Round "7.4"]
[White "Zakurdjaeva, Irina"]
[Black "Manakova, Maria"]
[Result "1-0"]
[WhiteElo "2248"]
[BlackElo "2347"]
[PlyCount "71"]
[EventDate "2012.10.06"]
[EventType "team-tourn"]
[EventRounds "11"]
[EventCountry "GER"]
[SourceTitle "EXT 2014"]
[Source "ChessBase"]
[SourceDate "2013.11.20"]
[SourceVersion "1"]
[SourceVersionDate "2013.11.20"]
[SourceQuality "1"]
[WhiteTeam "Bad Koenigshofen (W)"]
[BlackTeam "Deizisau (W)"]
[WhiteTeamCountry "GER"]
[BlackTeamCountry "GER"]

1. e4 c6 2. d4 d5 3. e5 c5 4. dxc5 Nc6 5. Nf3 e6 6. Be3 Qc7 7. Bb5 Nge7 8. Nbd2 Bd7 9. c4 Nf5 10. Qe2 Nxe3 11. Qxe3 d4 12. Qg5 h6 13. Qg3 Bxc5 14. Qxg7 0-0-0 15. 0-0 Rhg8 16. Qf6 Rg6 17. Qxf7 Rdg8 18. Ne4 Rxg2+ 19. Kh1 R2g7 20. Qh5 Bf8 21. Nf6 Rh8 22. Rg1 a6 23. Nxd7 Qxd7 24. Ba4 Bc5 25. Rxg7 Qxg7 26. Rg1 Qe7 27. Qg6 Nd8 28. Qe4 Rf8 29. Rd1 Kb8 30. a3 Rf5 31. b4 Qf7 32. bxc5 Rf4 33. Qd3 Rxf3 34. Qxd4 Nc6 35. Bxc6 bxc6 36. Qd8+ 1-0

[Event "BL 1213 (Women)"]
[Site "Germany"]
[Date "2013.01.19"]
[Round "6.4"]
[White "Gara, Ticia"]
[Black "Zakurdjaeva, Irina"]
[Result "1/2-1/2"]
[WhiteElo "2377"]
[BlackElo "2248"]
[PlyCount "83"]
[EventDate "2012.10.06"]
[EventType "team-tourn"]
[EventRounds "11"]
[EventCountry "GER"]
[SourceTitle "EXT 2014"]
[Source "ChessBase"]
[SourceDate "2013.11.20"]
[SourceVersion "1"]
[SourceVersionDate "2013.11.20"]
[SourceQuality "1"]
[WhiteTeam "Friedberg (W)"]
[BlackTeam "Bad Koenigshofen (W)"]
[WhiteTeamCountry "GER"]
[BlackTeamCountry "GER"]

1. e4 c5 2. Nf3 d6 3. d4 cxd4 4. Nxd4 Nf6 5. f3 e5 6. Nb3 d5 7. Bg5 Be6 8. Bxf6 gxf6 9. exd5 Qxd5 10. Qxd5 Bxd5 11. Nc3 Be6 12. 0-0-0 Nc6 13. Ne4 Bh6+ 14. Kb1 Ke7 15. Nec5 b6 16. Nxe6 fxe6 17. Bb5 Rac8 18. Rd3 Rhd8 19. Rxd8 Kxd8 20. Rd1+ Ke7 21. c3 Rd8 22. Rxd8 Nxd8 23. Kc2 Be3 24. Kd3 Bg1 25. h3 Nf7 26. Ke2 Nd6 27. Bd3 f5 28. Nd2 Kf6 29. Nc4 Nb7 30. b4 Bh2 31. a4 Kg5 32. a5 bxa5 33. Nxa5 Nxa5 34. bxa5 h5 35. Bc4 Kf6 36. Kd3 h4 37. Bb3 Ke7 38. Kc4 Kd6 39. Kd3 Bf4 40. Bc4 Bg5 41. a6 Bd8 42. Bb3 1/2-1/2

[Event "BL 1213 (Women)"]
[Site "Germany"]
[Date "2012.12.01"]
[Round "3.4"]
[White "Zakurdjaeva, Irina"]
[Black "Moser, Eva"]
[Result "1-0"]
[WhiteElo "2248"]
[BlackElo "2443"]
[PlyCount "105"]
[EventDate "2012.10.06"]
[EventType "team-tourn"]
[EventRounds "11"]
[EventCountry "GER"]
[SourceTitle "EXT 2014"]
[Source "ChessBase"]
[SourceDate "2013.11.20"]
[SourceVersion "1"]
[SourceVersionDate "2013.11.20"]
[SourceQuality "1"]
[WhiteTeam "Bad Koenigshofen (W)"]
[BlackTeam "Baden-Baden (W)"]
[WhiteTeamCountry "GER"]
[BlackTeamCountry "GER"]

1. e4 d6 2. d4 Nf6 3. Nc3 Nbd7 4. f4 e5 5. Nf3 exd4 6. Nxd4 Nc5 7. Qf3 c6 8. Bd3 Be7 9. 0-0 Qb6 10. Kh1 Nxd3 11. Qxd3 0-0 12. Be3 Qc7 13. Rae1 b5 14. e5 Ng4 15. Bg1 dxe5 16. fxe5 b4 17. Ne4 Bh4 18. e6 Bxe1 19. Ng5 f5 20. Rxe1 h6 21. e7 Re8 22. Qc4+ Kh8 23. Qf7 Bd7 24. Nge6 Bxe6 25. Rxe6 Ne5 26. Rxh6+ gxh6 27. Qf6+ Kh7 28. Qxf5+ Kg8 29. Qe6+ Kh7 30. Nf5 Rxe7 31. Nxe7 Re8 32. Bc5 a5 33. Bd6 Rxe7 34. Bxe7 Qd7 35. Qxd7 Nxd7 36. b3 Nb6 37. Bd8 Nd5 38. Bxa5 Kg6 39. Kg1 Kf5 40. Kf2 Ke4 41. Ke2 Nc3+ 42. Kd2 Nxa2 43. c4 c5 44. Bb6 Kd4 45. Bd8 h5 46. Bf6+ Ke4 47. Kc2 Ke3 48. Kb2 Nc3 49. Bxc3 bxc3+ 50. Kxc3 Kf2 51. b4 cxb4+ 52. Kxb4 h4 53. g4 1-0

[Event "Ischia op 3rd"]
[Site "Ischia "]
[Date "2011.08.03"]
[Round "9"]
[White "Diotallevi, Maurizio"]
[Black "Zakurdjaeva, Irina"]
[Result "1/2-1/2"]
[WhiteElo "2049"]
[BlackElo "2268"]
[PlyCount "93"]
[EventDate "2011.07.26"]
[EventType "swiss"]
[EventRounds "9"]
[EventCountry "ITA"]
[SourceTitle "EXT 2014"]
[Source "ChessBase"]
[SourceDate "2013.11.20"]
[SourceVersion "1"]
[SourceVersionDate "2013.11.20"]
[SourceQuality "1"]

1. d4 Nf6 2. Bg5 Ne4 3. Bf4 c5 4. f3 Qa5+ 5. c3 Nf6 6. Nd2 cxd4 7. Nb3 Qd8 8. cxd4 d5 9. e3 e6 10. Bd3 Bb4+ 11. Kf2 Nc6 12. Ne2 0-0 13. a3 Be7 14. Rc1 Re8 15. Re1 Nh5 16. Bg3 Nxg3 17. hxg3 e5 18. dxe5 Nxe5 19. Nbd4 a6 20. Nf4 Bg5 21. Rh1 g6 22. Qb3 h5 23. Be2 h4 24. gxh4 Bxh4+ 25. g3 Bg5 26. Nc2 Bf5 27. Nd4 Qd7 28. g4 Nc4 29. Bxc4 dxc4 30. Qxc4 Rac8 31. Qb4 Rxc1 32. Rxc1 Bh4+ 33. Ke2 Bxg4 34. fxg4 Qxg4+ 35. Nf3 Bg5 36. Kf2 Bh4+ 37. Nxh4 Qxh4+ 38. Kf3 g5 39. Rg1 Kh7 40. Ng2 Qh3+ 41. Kf2 Re6 42. Qe1 Qf5+ 43. Ke2 Qb5+ 44. Kf3 Rf6+ 45. Nf4 gxf4 46. exf4 Qh5+ 47. Rg4 1/2-1/2

[Event "Ischia op 3rd"]
[Site "Ischia "]
[Date "2011.07.28"]
[Round "3"]
[White "Zakurdjaeva, Irina"]
[Black "Taglialatela, Massimiliano"]
[Result "1-0"]
[WhiteElo "2268"]
[BlackElo "2026"]
[PlyCount "61"]
[EventDate "2011.07.26"]
[EventType "swiss"]
[EventRounds "9"]
[EventCountry "ITA"]
[SourceTitle "EXT 2014"]
[Source "ChessBase"]
[SourceDate "2013.11.20"]
[SourceVersion "1"]
[SourceVersionDate "2013.11.20"]
[SourceQuality "1"]

1. e4 c6 2. d4 d5 3. Nc3 dxe4 4. Nxe4 Bf5 5. Ng3 Bg6 6. Nf3 Nd7 7. h4 h6 8. h5 Bh7 9. Bd3 Bxd3 10. Qxd3 e6 11. Bd2 Ngf6 12. 0-0-0 Be7 13. Ne4 Nxe4 14. Qxe4 Nf6 15. Qd3 Qd5 16. c4 Qe4 17. Qb3 b5 18. Rhe1 Qg4 19. Rh1 Qe4 20. Rde1 Qg4 21. Rh4 Qxg2 22. Rg1 Qxf2 23. Rh2 bxc4 24. Qc3 Bb4 25. Rxf2 Bxc3 26. bxc3 Nxh5 27. Ne5 Rc8 28. Rxf7 c5 29. Rxa7 cxd4 30. Ng6 Rg8 31. Ne7 1-0